[Event "SVK-ch U10 Girls"]
[Site "Liptovsky Mikulas"]
[Date "2007.04.26"]
[Round "6"]
[White "Sagiova, Denisa"]
[Black "Krumlovska, Michaela"]
[Result "0-1"]
[WhiteElo "1350"]
[BlackElo "1350"]
[PlyCount "44"]
[EventDate "2007.04.22"]
[EventType "swiss"]
[EventRounds "7"]
[EventCountry "SVK"]
[SourceTitle "EXT 2008"]
[Source "ChessBase"]
[SourceDate "2007.11.25"]
[SourceVersion "1"]
[SourceVersionDate "2007.11.25"]
[SourceQuality "1"]

1. e4 e5 2. Nc3 Nf6 3. Nf3 Nc6 4. Bb5 a6 5. Bxc6 dxc6 6. d3 Bc5 7. a3 Ng4 8. Bg5 f6 9. Bc1 Nxf2 10. Qe2 Nxh1 11. Nh4 Bf2+ 12. Kf1 Bxh4 13. g3 Bxg3 14. hxg3 Nxg3+ 15. Ke1 Nxe2 16. Kxe2 Qd7 17. Kd1 Qh3 18. b3 Qg2 19. Na4 Rf8 20. c3 f5 21. exf5 Rxf5 22. d4 Rf1# 0-1